Long term care of the elderly: public policy issues

Gespeichert in:  
Bibliographische Detailangaben
Beteiligte: Harrington, Charlene (Herausgegeben von) ; Red, Ida (BeteiligteR)
Medienart: Druck Buch
Sprache:Englisch
Veröffentlicht: Beverly Hills [u.a.] Sage Publ. 1985
In: Sage library of social research (157)
Jahr: 1985
Ausgabe:1. print.
Bestand in Tübingen:In Tübingen vorhanden.
UB: KB 18 A 479
Verfügbarkeit prüfen: HBZ Gateway
Subito Bestelldienst: Jetzt bestellen.
Schlagwörter:

MARC

LEADER 00000cam a22000002c 4500
001 272178411
003 DE-627
005 20251222212210.0
007 tu
008 990101s1985 xx ||||| 00| ||eng c
010 |a  84017754  
020 |a 0803922140  |9 0-8039-2214-0 
020 |a 0803922159  |9 0-8039-2215-9 
035 |a (DE-627)272178411 
035 |a (DE-576)021032858 
035 |a (DE-599)GBV272178411 
035 |a (OCoLC)230650855 
035 |a (OCoLC)11089842 
040 |a DE-627  |b ger  |c DE-627  |e rakwb 
041 |a eng 
082 0 |a 362.1/6 
245 0 0 |a Long term care of the elderly  |b public policy issues  |c Charlene Harrington ... 
250 |a 1. print. 
264 1 |a Beverly Hills [u.a.]  |b Sage Publ.  |c 1985 
300 |a 280 S.  |b graph. Darst.  |c 8° 
336 |a Text  |b txt  |2 rdacontent 
337 |a ohne Hilfsmittel zu benutzen  |b n  |2 rdamedia 
338 |a Band  |b nc  |2 rdacarrier 
490 1 |a Sage library of social research  |v 157 
583 1 |a Archivierung prüfen  |c 20200919  |f DE-640  |z 3  |2 pdager 
650 4 |a Senioren 
650 4 |a Betreuung 
650 4 |a Gesundheitswesen 
650 4 |a Institution 
650 4 |a Soziale Sicherung 
650 4 |a Sozialpolitik 
700 1 |a Harrington, Charlene  |e Mitarb.  |4 oth 
700 1 |a Red, Ida  |e Hrsg.  |4 edt 
830 0 |a Sage library of social research  |v 157  |9 157  |w (DE-627)129414859  |w (DE-576)008565120  |w (DE-600)189217-4  |7 am 
935 |i Blocktest 
951 |a BO 
ELC |b 1 
LOK |0 000 xxxxxcx a22 zn 4500 
LOK |0 001 3340959595 
LOK |0 003 DE-627 
LOK |0 004 272178411 
LOK |0 005 19900718000000 
LOK |0 008 900718||||||||||||||||ger||||||| 
LOK |0 040   |a DE-21  |c DE-627  |d DE-21 
LOK |0 852   |a DE-21 
LOK |0 852 1  |c KB 18 A 479  |9 00 
LOK |0 935   |a krim 
LOK |0 936ln  |a k1 
LOK |0 939   |a 18-07-90  |b l01 
ORI |a SA-MARC-krimdoka001.raw 
SIG |a UB: KB 18 A 479